<?xml version="1.0" encoding="UTF-8"?>
<record
    xmlns:xsi="http://www.w3.org/2001/XMLSchema-instance"
    xsi:schemaLocation="http://www.loc.gov/MARC21/slim http://www.loc.gov/standards/marcxml/schema/MARC21slim.xsd"
    xmlns="http://www.loc.gov/MARC21/slim">

  <leader>01353cam a2200241 i 4500</leader>
  <controlfield tag="001">991107167038306196</controlfield>
  <controlfield tag="005">20250311154249.0</controlfield>
  <controlfield tag="008">210123s2021    enk           000 0 eng d</controlfield>
  <datafield tag="020" ind1=" " ind2=" ">
    <subfield code="a">9781913947132</subfield>
  </datafield>
  <datafield tag="035" ind1=" " ind2=" ">
    <subfield code="a">(OCoLC)1232273043</subfield>
  </datafield>
  <datafield tag="035" ind1=" " ind2=" ">
    <subfield code="a">(OCoLC)on1232273043</subfield>
  </datafield>
  <datafield tag="040" ind1=" " ind2=" ">
    <subfield code="a">YDX</subfield>
    <subfield code="b">eng</subfield>
    <subfield code="c">YDX</subfield>
    <subfield code="d">BDX</subfield>
    <subfield code="d">UKMGB</subfield>
    <subfield code="d">OCLCO</subfield>
    <subfield code="d">OCLCF</subfield>
    <subfield code="d">EZG</subfield>
    <subfield code="d">OCLCQ</subfield>
    <subfield code="d">OCLCO</subfield>
    <subfield code="d">WLM</subfield>
  </datafield>
  <datafield tag="090" ind1=" " ind2=" ">
    <subfield code="a">PR6045.O72</subfield>
    <subfield code="b">Z5684 2021</subfield>
  </datafield>
  <datafield tag="100" ind1=" " ind2=" ">
    <subfield code="a">Woolf, Virginia</subfield>
    <subfield code="d">1882-1941</subfield>
    <subfield code="9">23962</subfield>
  </datafield>
  <datafield tag="245" ind1="1" ind2="0">
    <subfield code="a">Virginia Woolf </subfield>
    <subfield code="b">: quotes from a feminist icon </subfield>
    <subfield code="c">/ Virginia Woolf.</subfield>
  </datafield>
  <datafield tag="264" ind1=" " ind2="1">
    <subfield code="a">London :</subfield>
    <subfield code="b">Laurence King Publishing,</subfield>
    <subfield code="c">2021.</subfield>
  </datafield>
  <datafield tag="300" ind1=" " ind2=" ">
    <subfield code="a">127 pages ;</subfield>
    <subfield code="c">17 cm</subfield>
  </datafield>
  <datafield tag="504" ind1=" " ind2=" ">
    <subfield code="a">Includes bibliographical references.</subfield>
  </datafield>
  <datafield tag="520" ind1=" " ind2=" ">
    <subfield code="a">"The first and collection of Virginia Woolf's most inspirational quotes. 'No need to hurry. No need to sparkle. No need to be anybody but oneself.' Over 100 words of wisdom from the inimitable Virginia Woolf on love, literature, feminism, food, work, ageing, authenticity, nature, truth, happiness and everything in between, carefully selected and curated from Woolf's timeless novels, essays and speeches. A celebration of one of the world's best loved writers and a true feminist icon, in a beautifully packaged, small-format gift book." --</subfield>
    <subfield code="c">Publisher.</subfield>
  </datafield>
  <datafield tag="600" ind1=" " ind2="0">
    <subfield code="a">Woolf, Virginia</subfield>
    <subfield code="d">1882-1941</subfield>
    <subfield code="v">Quotations.</subfield>
    <subfield code="9">23962</subfield>
  </datafield>
  <datafield tag="655" ind1=" " ind2="0">
    <subfield code="a">Quotations</subfield>
    <subfield code="9">23002</subfield>
  </datafield>
  <datafield tag="942" ind1=" " ind2=" ">
    <subfield code="2">lcc</subfield>
  </datafield>
  <datafield tag="952" ind1=" " ind2=" ">
    <subfield code="0">0</subfield>
    <subfield code="1">0</subfield>
    <subfield code="2">lcc</subfield>
    <subfield code="4">0</subfield>
    <subfield code="7">0</subfield>
    <subfield code="a">TBS</subfield>
    <subfield code="b">TBS</subfield>
    <subfield code="d">2025-03-11</subfield>
    <subfield code="l">0</subfield>
    <subfield code="o">PR6045.O72 WOO</subfield>
    <subfield code="p">B05928</subfield>
    <subfield code="r">2025-03-11</subfield>
    <subfield code="t">1</subfield>
    <subfield code="w">2025-03-11</subfield>
    <subfield code="y">1</subfield>
  </datafield>
  <datafield tag="999" ind1=" " ind2=" ">
    <subfield code="c">4527</subfield>
    <subfield code="d">4527</subfield>
  </datafield>
</record>
